Osvetový pracovník ako subjekt estetickej výchovy

Bibliographic Details
Main Author: Orság, Petr (Author)
Format: Article
Language:Slovak
PhysicalDescription:Lit. 2 zázn. v češ.
Subjects:

MARC

LEADER 00000nab a2200000 a 4500
001 vtls000340572
003 SK-MaSNL
005 20260303210652.0
008 111201c1988 xo 0 slo
015 |a SNBRB19rr/mm-uuuuu 
035 |a CL0340694 
040 |a SNKBUCL  |b slo  |c SNKBUCL  |e AACR2 
041 0 |a slo 
044 |a xo  |c SK 
080 |a 374.7-051:37.03  |2 1981 
080 |a 37.03  |2 1981 
100 1 |a Orság, Petr  |4 aut  |9 784760 
245 1 0 |a Osvetový pracovník ako subjekt estetickej výchovy  |c Petr Orság 
300 |b Lit. 2 zázn. v češ. 
650 0 7 |a osvetoví pracovníci  |2 snkbucl  |9 79906 
650 0 7 |a estetická výchova  |2 snkbucl  |9 66289 
655 7 |a články z novín a časopisov  |2 snkbucl  |9 267496 
773 0 |t Osvetová práca  |g Roč. 38, č. 9 (1988), s. 9-13 
850 |a Slovenská národná knižnica v Martine  |a MTA001 
852 |a SNK  |b KIS3GCP 
958 |a RK 
992 |a RBX 
999 |c 2201186  |d 2203116